Statistics for Supernatural Fun Quiz

Click here to take the quiz!

General Stats

  • This quiz has been taken 1,293 times
  • The average score is 4 of 9

Answer Stats

HintAnswer% Correct
I'm not gonna die in a hospital where the nurses aren't even ___.Hot
93%
Blah blah blah blah. ____!Blah
56%
I'm amazing... I'm ______!Batman
55%
You brave little soldier. I acknowledge your pain. Come here. Too ________ for this world.Precious
55%
I hope your _____ ___ is freakin' worth it!Apple Pie
51%
What's on Sams ID in ''Something Wicked"? [1.18]Bikini Inspector
39%
Dean, you smell like a ______.Toilet
33%
Crazy always works...PUDDING!
32%
Dude, you _____.Fugly
30%

Score Distribution

Percentile by Number Answered

Percent of People with Each Score

Your Score History

You have not taken this quiz